Latin Phrases - A - Statistics

General Stats
  • This quiz has been taken 59 times
  • The average score is 15 of 216
Answer Stats
Hint Answer % Correct
Seize the day carpe diem
66%
And you, Brutus? et tu Brute
53%
Before the war ante bellum
50%
Body of Christ corpus christi
50%
God out of a machine deus ex machina
50%
To nausea ad nauseam
47%
To the man ad hominem
44%
Water of Life aqua vitae
41%
I think, therefore I am cogito ergo sum
41%
Therefore ergo
41%
To infinity ad infinitum
38%
Nourishing mother alma mater
38%
And the others et cetera
38%
To this ad hoc
34%
I hear audio
31%
Around circa
31%
Love conquers all amor vincit omnia
28%
Before noon ante meridiem
28%
Let the buyer beware caveat emptor
28%
The die has been cast alea iacta est
25%
Out of many, one e pluribus unum
25%
My fault mea culpa
25%
To victory ad victoriam
22%
From before a priori
22%
Good faith bona fide
22%
In the womb in utero
22%
I came, I saw, I conquered veni vidi vici
22%
Elsewhere alibi
19%
From the fact de facto
19%
Out of nothing ex nihilo
19%
Into the memory in memoriam
19%
From the latter a posteriori
16%
In the absence in absentia
16%
Stiffness of death rigor mortis
16%
Voice of the people vox populi
16%
Deeds, not words acta non verba
13%
For honor ad honorem
13%
The course of one's life curriculum vitae
13%
You should have the body habeas corpus
13%
We have a pope habemus papam
13%
By the fact itself ipso facto
13%
Remember that you will die memento mori
13%
By the person per capita
13%
For the good pro bono
13%
Always faithful semper fidelis
13%
With highest praise summa cum laude
13%
Glory to God in the Highest gloria in excelsis Deo
9%
In glass in vitro
9%
With great praise magna cum laude
9%
Method of operating modus operandi
9%
By the year per annum
9%
By the day per diem
9%
After death post mortem
9%
This for that quid pro quo
9%
TIme flees tempus fugit
9%
At another time alias
6%
Love of one's country amor patriae
6%
Faster, higher, stronger citius altius fortius
6%
God willing deo volente
6%
It is sweet and fitting to die for your country dulce et decorum est pro patria mori
6%
From the library of ex libris
6%
Great work magnum opus
6%
It does not follow non sequitur
6%
Bread and circuses panem et circenses
6%
Afternoon post meridiem
6%
For the rate pro rata
6%
Firm ground terra firma
6%
By skill and valor arte et marte
3%
The stars incline us, they do not bind us astra inclinant, sed non obligant
3%
To dare is to do audere est facere
3%
Golden Mean aurea mediocritas
3%
Either kill or be killed aut neca aut necare
3%
A beard doesn't make one a philosopher barba non facit philosophum
3%
War of all, against all bellum omnium contra omnes
3%
I scorn for the world contemptus mundi
3%
Created out of nothing creatio ex nihilo
3%
What is said is done dictum factum
3%
Veteran emeritus
3%
All others et alii
3%
From a thing done afterward ex post facto
3%
Make alike fac simile
3%
Fortune favors the bold fortes fortuna adiuvat
3%
This is war! hoc est bellum
3%
Unconquered invicta
3%
I do not wish to contend nolo contendere
3%
Prepare for war para bellum
3%
Father of the family pater familias
3%
Through itself per se
3%
Person not pleasing persona non grata
3%
Things having been written afterward postscriptum
3%
Thus always to tyrants sic semper tyrannis
3%
If you want peace, prepare for war si vis pacem, para bellum
3%
Good hope spes bona
3%
The current condition status quo
3%
Under penalty subpoena
3%
Scraped tablet tabula rasa
3%
Woe to the unconquered vae victis
3%
Repeat exactly verbatim
3%
Against versus
3%
I forbid veto
3%
To turn around vice versa
3%
He approves our undertakings annuit cœptis
0%
We dare defend our rights audemus jura nostra defendere
0%
I hold a wolf by the ears auribus teneo lupum
0%
Either with shield, or on shield aut cum scuto aut in scuto
0%
I will either find a way or make one aut viam inveniam aut faciam
0%
He gives twice who gives promptly bis dat qui cito dat
0%
Overcome evil with good bono malum superate
0%
when the republic is at its most corrupt the laws are most numerous corruptissima re publica plurimae leges
0%
Take care of yourself cura te ipsum
0%
While teaching we learn discendo discimus
0%
learn as if you're always going to live; live as if tomorrow you're going to die disce quasi semper victurus vive quasi cras moriturus
0%
I learn by teaching, think by writing docendo disco, scribendo cogito
0%
Leadership by example ductus exemplo
0%
The fates lead the willing and drag the unwilling ducunt volentem fata, nolentem trahunt
0%
War is sweet to the unexperienced dulce bellum inexpertis
0%
Sweeter after difficulties dulcius ex asperis
0%
From the heart ex animo
0%
Do brave deeds and endure fac fortia et patere
0%
If I cannot move heaven I will raise hell flectere si nequeo superos, acheronta movebo
0%
Strong in difficulties fortis in arduis
0%
History, the teacher of life historia vitae magistra
0%
I fear a man of the book homo unius libri timeo
0%
Esteem is the reward of virtue honor virtutis praemium
0%
Enemy of the human hostis humani generis
0%
Humility conquers pride humilitas occidit superbiam
0%
Through fire, nature is reborn igne natura renovatur integra
0%
Fire tests gold ignis aurum probat
0%
In water, there is health in aqua sanitas
0%
May I not shrink from my purpose incepto ne desistam
0%
In flaming crime in flagrante delicto
0%
Ready for anything in omnia paratus
0%
In position in situ
0%
Few words suffice for he who understands intelligenti pauca
0%
In all in toto
0%
Then we will fight in the shade in umbra, igitur, pugnabimus
0%
I remain unvanquished invictus maneo
0%
To fight, we are ready laborare pugnare parati sumus
0%
By labor and honor labore et honore
0%
Hard work conquers all labor omnia vincit
0%
Laws without morals are vain leges sine moribus vanae
0%
Law of succinctness lex parsimoniae
0%
The law of retaliation lex talionis
0%
Great is the power of habit magna est vis consuetudinis
0%
In bad faith mala fide
0%
Wrong in itself malum in se
0%
Wrong due to being prohibited malum prohibitum
0%
Better things meliora
0%
Remember to live memento vivere
0%
Mindful of what has been done, aware of what will be memores acti prudentes futuri
0%
Mountaineers are always free montani semper liberi
0%
Death before defeat morior invictus
0%
Those who are about to die salute you morituri te salutant
0%
Old age should rather be feared than death morte magis metuenda senectus
0%
To milk a male goat mulgere hircum
0%
To say much in few words multa paucis
0%
Dwarfs standing on the shoulders of giants nanos gigantum humeris insidentes
0%
They don't terrify the rough ones nec aspera terrent
0%
Neither reckless nor timid nec temere nec timide
0%
Nothing is arduous for the willing nil volentibus arduum
0%
I am not led, I lead non ducor, duco
0%
Not talk, but action non loqui sed facere
0%
To not go forward is to go backward | We learn not for school, but for life non progredi est regredi
0%
I am not such as I was non sum qualis eram
0%
Know theyself nosce te ipsum
0%
New order of the ages novus ordo seclorum
0%
For the tenacious, no road is impassible nulla tenaci invia est via
0%
Forget private affairs, take care of public ones obliti privatorum, publica curate
0%
When you are steeped in little things, you shall safely attempt great things parvis imbutus tentabis grandia tutus
0%
If you know how to use money, money is your slave; if you don't, money is your master pecunia, si uti scis, ancilla est; si nescis, domina
0%
Through difficulties to greatness per angusta ad augusta
0%
With a turned thumb pollice verso
0%
Forewarded in forearmed praemonitus praemunitus
0%
Lead in order to serve, not in order to rule praesis ut prosis ne ut imperes
0%
First among equals primus inter pares
0%
It's how you live, not how long quam bene vivas referre, non quam diu
0%
As if quasi
0%
What's going on? quid agis
0%
Anything said in Latin sounds profound quidquid Latine dictum sit altum videtur
0%
Who will guard the guards themselves quis custodiet ipsos custodes
0%
He who wants everything, loses everything qui totum vult totum perdit
0%
Of whom quorum
0%
Let him rest in peace requiescat in pace
0%
Knowledge through hard work scientia ac labore
0%
Knowledge itself is power scientia ipsa potentia est
0%
Always forward semper anticus
0%
Always brave semper fortis
0%
Always prepared semper paratus
0%
Always virile semper virilis
0%
Greatness from small beginnings sic parvis magna
0%
Thus is life sic vita est
0%
When you are strong, I am strong si vales valeo
0%
By faith alone sola fide
0%
Virtue alone ennobles sola nobilitat virtus
0%
It is solved by walking solvitur ambulando
0%
Immediately statim
0%
The supreme good summum bonum
0%
I am what you will be sum quod eris
0%
To each his own suum cuique
0%
Heroic age tempora heroica
0%
TIme, devourer of all things tempus edax rerum
0%
Unknown land terra incognita
0%
Vanity of vanities, everything is vanity vanitas vanitatum omnia vanitas
0%
Truth and equity veritas et aequitas
0%
He conquers who endures vincit qui patitur
0%
He conquers who conquers himself vincit qui se vincit
0%
The manly thing is being done virile agitur
0%
Act in a manly way viriliter agite
0%
Quit ye like men, be strong viriliter agite estote fortes
0%
A wise man does not urinate against the wind vir prudens non contra ventum mingit
0%
Strength rejoices in the challenge virtus tentamine gaudet
0%
By virtue and arms virtute et armis
0%
Live remembering death vive memor leti
0%
To live is to conquer vivere est vincere
0%
To live is to fight vivere militare est
0%
No matching quizzes found
Score Distribution
Percent of People with Each Score
Percentile by Number Answered
Your Score History
You have not taken this quiz